000 00965nam1a22002171i 4500
001 rc\4124350
005 20260408001107.0
035 _a(NLR Aleph) 007982647
090 _a8529418
_c8529418
100 _a20130415d1955 |||a0rusy50 ca
101 0 _arus
102 _aRU
105 _ay z |||||
200 1 _aПеречень рационализаторских предложений, опубликованных в литературе по обмену опытом за 1950-1954 гг.
_fМ-во текстильной пром-сти СССР. Техн. упр. Отд. техн. информации
210 _aМосква
_cГизлегпром
_d1955
215 _d20
710 0 1 _aСССР
_bМинистерство текстильной промышленности
_bТехническое управление
_9826424
_3RU\NLR\AUTH\8810165197
801 0 _aRU
_bNLR
_gpsbo
801 1 _aRU
_bELAR
_2rusmarc
852 _aNLR
_jТ56 Г-4/1013
942 _cBOOK